M. Ftáčnik: Zdá sa mi prirodzené diskutovať, veľmi pozorne počúvať a keď bude treba, presviedčať o našich predstavách a koncepciách

Ambíciou ministerstva školstva SR je vypracovanie dlhodobej koncepcie slovenského školstva minimálne do r. 2010. Príprava nových zákonov. Príprava novely zákona o štátnej správe a školskej samospráve. Absencia zákona o financovaní školstva. Problematika postavenia učiteľa. Vysoké školstvo, veda. Per...

Description complète

Enregistré dans:
Détails bibliographiques
Auteur principal: Reiselová, Eva
Format: Chapitre de livre
Langue:slovaque
Sujets:
Tags: Ajouter un tag
Pas de tags, Soyez le premier à ajouter un tag!

MARC

LEADER 00000naa a2200000 4500
001 r033360
005 20230921102110.9
041 0 |a slo 
044 |a SK 
245 1 0 |a M. Ftáčnik: Zdá sa mi prirodzené diskutovať, veľmi pozorne počúvať a keď bude treba, presviedčať o našich predstavách a koncepciách  |c Eva Reiselová 
520 |a Ambíciou ministerstva školstva SR je vypracovanie dlhodobej koncepcie slovenského školstva minimálne do r. 2010. Príprava nových zákonov. Príprava novely zákona o štátnej správe a školskej samospráve. Absencia zákona o financovaní školstva. Problematika postavenia učiteľa. Vysoké školstvo, veda. Personálne otázky. 
610 2 0 |a školstvo 
610 2 0 |a školy základné 
610 2 0 |a školy stredné 
610 2 0 |a školy vysoké 
610 2 0 |a financovanie 
610 2 0 |a učitelia 
610 2 0 |a veda 
610 2 0 |a personalistika 
610 2 0 |a práca personálna 
610 2 0 |a zákony 
610 2 0 |a Slovensko 
100 1 |a Reiselová, Eva